| 000 | 01324nam a22003017a 4500 | ||
|---|---|---|---|
| 003 | EG-ScBUE | ||
| 005 | 20220103150312.0 | ||
| 008 | 220103s2007 ua f 000 0 ara d | ||
| 017 | _a2007 / 24743 | ||
| 020 | _a9771805290 | ||
| 040 |
_aEG-ScBUE _bara _erda _cEG-ScBUE _dEG-ScBUE |
||
| 043 | _af-ua--- | ||
| 082 | 0 | 4 |
_222 _a909.04927 _bح ر ب |
| 100 | 1 |
_aحرب، محمد طلعت، _d1867-1941، _eمؤلف. |
|
| 245 | 1 | 0 |
_aتاريخ دول العرب والإسلام. _nالجزء الأول، _pفي تاريخ العرب وما كانوا عليه قبل الإسلام حتى دولة الخلفاء الراشدين / _cتأليف محمد طلعت حرب. |
| 246 | 3 | 0 | _aفي تاريخ العرب وما كانوا عليه قبل الإسلام حتى دولة الخلفاء الراشدين |
| 250 | _aالطبعة الثانية. | ||
| 264 | 1 |
_aالقاهرة : _bمطبعة دار الكتب والوثائق القومية، _c2007. |
|
| 300 |
_a383 صفحة ؛ _c24 سم. |
||
| 336 |
_2rdacontent _aنص _btxt |
||
| 337 |
_2rdamedia _aبدون وسيط _bn |
||
| 338 |
_2rdacarrier _aمجلد _bnc |
||
| 650 | 7 |
_aالتاريخ الإسلامي. _2BUEsh |
|
| 650 | 7 |
_aالعرب _xتاريخ. _2BUEsh |
|
| 653 |
_bGGEN _cDecember2021 |
||
| 655 |
_vReading book _934232 |
||
| 942 | _2ddc | ||
| 999 |
_c29733 _d29704 |
||